Co Jeździ Na Stacji Lublin Główny | PKP | #4 - Statystyki

Ogólne statystyki
  • Ten quiz został rozwiązany 30 razy
  • Średni wynik to 10 z 24
Statystyki odpowiedzi
Rodzaj Nazwa % Poprawnych
IC | Chełmianin
57%
IC | Górski
57%
IC | Jadwiga
57%
IC | Jagiełło
57%
IC | Bystrzyca
52%
IC | Czechowicz
52%
IC | Smok Wawelski
52%
IC | Wisłok
52%
IC | Inka
48%
IC | Kujawiak
48%
IC | Noteć
48%
IC | Bolko
43%
IC | Koziołek
43%
IC | Morcinek
43%
IC | Zamoyski
43%
IC | Kochanowski
38%
IC | Sztygar
38%
IC | Łempicka
33%
IC | Rejewski
33%
IC | Ustronie
33%
IC | Stryjeńska
29%
IC | Warta
29%
IC | Kyiv Express
24%
IC | Strzelecki
24%
Nie znaleziono quizów pasujących do podanych kryteriów
Rozkład punktacji
Procent ludzi z każdym wynikiem
Percentyl według liczby udzielonych odpowiedzi
Twoja historia wyników
Nie rozwiązałeś tego quizu